| 000 | 00541cab a22001935a 4500 | ||
|---|---|---|---|
| 001 | L156734 | ||
| 008 | 120705s2012 xxka f 000 0 eng d | ||
| 035 | _a(Sirsi) u156734 | ||
| 041 | 0 | _aeng | |
| 100 | 1 | _aBattrick, Paul | |
| 245 | 0 | 4 |
_aThe rainbow suite _bthe 1999 FIDIC contracts, part 9 _bcash flow |
| 260 | _c2012 | ||
| 490 |
_aCivil Engineering Surveyor _vJune 2012, 17-19(3) |
||
| 520 | _aLooks at cash flow with FIDIC contracts. | ||
| 651 | 4 | _aInternational | |
| 690 |
_aContracts _96232 |
||
| 700 | 1 | _aDuggan, Phil | |
| 942 | _n0 | ||
| 999 |
_c84129 _d84129 |
||